000 00357nam a2200145 4500
008 170216s1997||||xo d
245 1 0 _aPríklady z matematiky pre osemrocné gymnáziá
250 _a1. vydanie
260 _bSPN
_aBratislava
_c1997
300 _a230 s.
020 _a80-0802466-6
_c0
041 1 _aslo
044 _axo
_cSK
958 _aAPR
999 _c21304
_d21304